<?xml version="1.0" encoding="UTF-8"?>
<record
    xmlns:xsi="http://www.w3.org/2001/XMLSchema-instance"
    xsi:schemaLocation="http://www.loc.gov/MARC21/slim http://www.loc.gov/standards/marcxml/schema/MARC21slim.xsd"
    xmlns="http://www.loc.gov/MARC21/slim">

  <leader>02375nam a22002894a 4500</leader>
  <controlfield tag="003">BOLpUSFA</controlfield>
  <controlfield tag="005">20260519164019.0</controlfield>
  <controlfield tag="008">      t        bo d   gr     001 | spa||</controlfield>
  <datafield tag="017" ind1=" " ind2=" ">
    <subfield code="a">4-1-1156-05</subfield>
  </datafield>
  <datafield tag="040" ind1=" " ind2=" ">
    <subfield code="a">BOLpUSFA</subfield>
  </datafield>
  <datafield tag="041" ind1=" " ind2=" ">
    <subfield code="a">spa</subfield>
  </datafield>
  <datafield tag="044" ind1=" " ind2=" ">
    <subfield code="c">BO</subfield>
  </datafield>
  <datafield tag="082" ind1=" " ind2=" ">
    <subfield code="a">BO 305.31</subfield>
    <subfield code="b">C579es</subfield>
  </datafield>
  <datafield tag="110" ind1=" " ind2=" ">
    <subfield code="a">Centro de Investigaci&#xF3;n Social Tecnolog&#xED;a Apropiada y Capacitaci&#xF3;n (CISTAC)</subfield>
  </datafield>
  <datafield tag="245" ind1=" " ind2=" ">
    <subfield code="a">Primer Encuentro de estudios sobre masculinidades. Memoria.</subfield>
  </datafield>
  <datafield tag="260" ind1=" " ind2=" ">
    <subfield code="a">La Paz: </subfield>
    <subfield code="b">CISTAC, </subfield>
    <subfield code="c">2005 </subfield>
  </datafield>
  <datafield tag="300" ind1=" " ind2=" ">
    <subfield code="a">162 p.</subfield>
  </datafield>
  <datafield tag="520" ind1=" " ind2=" ">
    <subfield code="a">-	Los Estudios sobre Masculinidades en Am&#xE9;rica Latina.
-	Masculinidades, Salud y Sexualidad.
-	Experiencias de trabajo en masculinidades en Bolivia.
-	Relaciones de Poder en la Vida Cotidiana
-	Adolescentes: conversando la intimidad. Vida cotidiana, sexualidad y masculinidad.
-	Arte y Parte.
-	Necesidades en salud sexual y reproductiva de los hom desde la mirada masculina.
-	Trabajo en masculinidades.
-	Masculinidades y cultura.
-	Masculinidades.
-	Feminismo: un movimiento pol&#xED;tico..
-	Construir la cultura de derechos.
-	Derechos sexuales y reproductivos en el debate media
-	Sexualidad y vih/sida.
-	Feminizaci&#xF3;n de lo indio e indianizaci&#xF3;n de lo femenino.
-	&#xBF;Feminizaci&#xF3;n de los ej&#xE9;rcitos o masculinizaci&#xF3;n de las mujeres?
-	La configuraci&#xF3;n de identidades en contextos contempor&#xE1;neos.
-	Aproximaciones a la reconfiguraci&#xF3;n de lo masculino: los hombres mayores.
-	Hombres y transg&#xE9;nero: indagando el transformismo Gay.
-	Construcciones y deconstrucci&#xF3;n de viejas estructuras patriarcales.
-	Hombres trans: Construcciones gen&#xE9;ricas
-	Toma de decisiones sexuales y reproductivas: hombres percepciones y conductas
-	Los hombres y su salud sexual y reproductiva
-	Incorporaci&#xF3;n de un modelo integral de servicios en salud sexual y reproductiva para hombres
-	Peso prost&#xE1;tico por ecograf&#xED;a: s&#xED;ntomas m&#xE1;s frecuentes referidos por los pacientes
-	Salud y masculinidad.
-	Masculinidades y violencia: un problema de hombres y mujeres.
-	Violencia y pol&#xED;ticas de g&#xE9;nero.
-	Masculinidades y violencia un problema de salud
-	Las otras dimensiones de la violencia.
</subfield>
  </datafield>
  <datafield tag="650" ind1=" " ind2=" ">
    <subfield code="a">Masculinidades</subfield>
  </datafield>
  <datafield tag="650" ind1=" " ind2=" ">
    <subfield code="a">Derechos humanos</subfield>
  </datafield>
  <datafield tag="650" ind1=" " ind2=" ">
    <subfield code="a">Identidad masculina</subfield>
  </datafield>
  <datafield tag="650" ind1=" " ind2=" ">
    <subfield code="a">Salud</subfield>
  </datafield>
  <datafield tag="650" ind1=" " ind2=" ">
    <subfield code="a">Sexualidad </subfield>
  </datafield>
  <datafield tag="650" ind1=" " ind2=" ">
    <subfield code="a">Violencia</subfield>
  </datafield>
  <datafield tag="651" ind1=" " ind2=" ">
    <subfield code="a">Bolivia</subfield>
  </datafield>
  <datafield tag="942" ind1=" " ind2=" ">
    <subfield code="2">ddc</subfield>
    <subfield code="c">LI</subfield>
    <subfield code="z">LLO</subfield>
  </datafield>
  <datafield tag="999" ind1=" " ind2=" ">
    <subfield code="c">9716</subfield>
    <subfield code="d">9716</subfield>
  </datafield>
  <datafield tag="952" ind1=" " ind2=" ">
    <subfield code="0">0</subfield>
    <subfield code="1">0</subfield>
    <subfield code="2">ddc</subfield>
    <subfield code="4">0</subfield>
    <subfield code="7">0</subfield>
    <subfield code="8">1</subfield>
    <subfield code="a">BLP</subfield>
    <subfield code="b">BLP</subfield>
    <subfield code="c">2</subfield>
    <subfield code="d">2026-05-19</subfield>
    <subfield code="e">3</subfield>
    <subfield code="l">0</subfield>
    <subfield code="o">BO 305.31 C579es</subfield>
    <subfield code="p">BLP03610</subfield>
    <subfield code="r">2026-05-19</subfield>
    <subfield code="w">2026-05-19</subfield>
    <subfield code="y">LI</subfield>
  </datafield>
  <datafield tag="952" ind1=" " ind2=" ">
    <subfield code="0">0</subfield>
    <subfield code="1">0</subfield>
    <subfield code="2">ddc</subfield>
    <subfield code="4">0</subfield>
    <subfield code="7">0</subfield>
    <subfield code="8">1</subfield>
    <subfield code="a">BEA</subfield>
    <subfield code="b">BEA</subfield>
    <subfield code="c">2</subfield>
    <subfield code="d">2026-05-19</subfield>
    <subfield code="e">3</subfield>
    <subfield code="l">0</subfield>
    <subfield code="o">BO 305.31 C579es</subfield>
    <subfield code="p">BEA01545</subfield>
    <subfield code="r">2026-05-19</subfield>
    <subfield code="w">2026-05-19</subfield>
    <subfield code="y">LI</subfield>
  </datafield>
</record>
